00486nam a2200145Ia 4500008004100000020001800041050001700059100001900076245007200095250000600167260004700173300001100220650007500231700003400306120626s9999 xx 000 0 und d a950-641-434-3 aHF55560 M653 aMONDINO, Diana aFinanzas para empresas competitivas / Diana Mondino, Eugenio Pendas a2 aBuenos Aires, Argentina, México: Granica a403 p. a1. SOCIEDADES ANONIMAS -- FINANZAS 2. EMPRESAS COMERCIALES -- FINANZAS aI. PENDAS, Eugenio, coaut.Ì